مكتبة جامعة عجلون الوطنية

فهرس بحث المكتبة

Normal view MARC view
  • التجارة الدولية-الادارة العامة-التجارة

Entry Topical Term

Number of records used in: 1

001 - CONTROL NUMBER

  • control field: 29919

003 - CONTROL NUMBER IDENTIFIER

  • control field: JO-AjAnu

005 - DATE AND TIME OF LATEST TRANSACTION

  • control field: 20230606075043.0

008 - FIXED-LENGTH DATA ELEMENTS

  • fixed length control field: 230606|| aca||aabn | a|a d

040 ## - CATALOGING SOURCE

  • Original cataloging agency: JO-AjAnu
  • Transcribing agency: JO-AjAnu

150 ## - HEADING--TOPICAL TERM

  • Topical term or geographic name entry element: التجارة الدولية-الادارة العامة-التجارة

670 ## - SOURCE DATA FOUND

  • Source citation: Work cat.: (JO-AjAnu)15363: الوادي،محمود حسين/م مشارك:بلال محمود الوادي, author 29918, المعرفة والادارة الالكترونية وتطبيقاتها المعاصرة